El triste : Género lírico - musical tradicional de Chile.
Saved in:
| Hovedforfatter: | |
|---|---|
| Format: | Bog |
| Udgivet: |
Valparaíso, Chile:
Oikos Impresores,
2022.
|
| Fag: | |
| Tags: |
Tilføj Tag
Ingen Tags, Vær først til at tagge denne postø!
|
MARC
| LEADER | 00000nam a22000007a 4500 | ||
|---|---|---|---|
| 003 | CL-VaPUC | ||
| 005 | 20240312092735.0 | ||
| 008 | 231012t2022 ||||| |||| 00| 0 eng d | ||
| 999 | |c 442027 |d 442025 | ||
| 040 | |c Pontificia Universidad Católica de Valparaíso | ||
| 082 | 0 | 4 | |2 21 |a Ch861.08 PER 2022 |
| 100 | 1 | |a Pérez, Juan Estanislao |e autor |9 885030 | |
| 245 | 1 | 3 | |a El triste : |b Género lírico - musical tradicional de Chile. |
| 260 | |a Valparaíso, Chile: |b Oikos Impresores, |c 2022. | ||
| 300 | |a 455 páginas; |e Incluye CD. | ||
| 500 | |a c.1 Donación Autor. Biblioteca Gimpert. Memo N°3/2023. | ||
| 583 | |c 20231012 |k Catalogador Asistente | ||
| 650 | 1 | |a Decimas chilenas |9 885240 | |
| 650 | 1 | |a Tradición oral chilena |9 885241 | |
| 650 | 1 | |a Música tradicional chilena |9 495919 | |
| 650 | 1 | |a Música popular chilena |9 522671 | |
| 650 | 1 | |a Folklore chileno |9 265536 | |
| 942 | |2 ddc |c BK | ||
| 952 | |0 0 |1 0 |2 ddc |4 0 |6 CH_861_080000000000000_PER_2022 |7 0 |8 A |9 591931 |a BIBEDU |b BIBEDU |c GEN |d 2023-10-12 |e Donación |i 5659036 |o Ch861.08 PER 2022 |p 5659036 |r 2023-10-12 |t 1 |w 2023-10-12 |y BK |k MUS | ||